| 000 | 01120nam a22002777a 4500 | ||
|---|---|---|---|
| 008 | 240821b mp ||||| |||| 00| 0 mon d | ||
| 020 | _a978-99978-0-761-8 | ||
| 035 | _a7653 | ||
| 040 |
_aDXO45059 _bmon _cMN-UlNLM _dMN-UlNLM _erda |
||
| 041 | _amon | ||
| 082 |
_210-t _a306 _bП- 915 |
||
| 100 | _aПүрэвжанцан .А | ||
| 245 | 0 | _aМонголчуудын хэмжээ илэрхийлэл | |
| 245 | 0 | _bхэл шинжлэлийн салбар шинжлэх ухаан | |
| 245 | 0 | _cРед. Ц. Сүхбаатар | |
| 250 | _a1 | ||
| 264 |
_aУлаанбаатар _bАлмаз пресс ХХК _c2017 |
||
| 300 | _a132х. | ||
| 336 |
_2rdacontent _atext _btxt |
||
| 337 |
_2rdamedia _aunmediated _bn |
||
| 338 |
_2rdacarrier _avolume _bnc |
||
| 505 | _tМонголчуудын хэмжээ илэрхийлэл; хэл шинжлэлийн судалгаа, танин мэдэхүйн бүтээл; элдвийн хэмжээсийг илэрхийлдэг хэллэг; агшин зуур; аагим халуун | ||
| 650 | _a10990 | ||
| 942 |
_210-t _cBK |
||
| 999 |
_c1132925 _d1132982 |
||